000 00497nam a2200193Ia 4500
005 20250326124038.0
008 250326s9999 xx 000 0 und d
037 _aTextbook
040 _aFMSL
_beng
_cFMSL
041 _aeng
_2eng
084 _aX M0
_qFMSL
100 _aSamuelson P A
245 0 _aEconomics
_cSamuelson P A; Samuelson W
250 _a11
260 _aNew Delhi
_bNew Delhi, McGraw-Hill
_c1980
300 _a859p
942 _cTB
_hX M0
999 _c1272027
_d1272027